| 000 | 00489nam a22001577a 4500 | ||
|---|---|---|---|
| 005 | 20240508141609.0 | ||
| 008 | 240508b |||||||| |||| 00| 0 eng d | ||
| 041 | _aEnglish | ||
| 082 | _a349 LAW | ||
| 100 | _lEnglish | ||
| 245 | _aThe Law Reports: Queen's Bench Division | ||
| 260 |
_aLondon: _bThe Incorporated Council of Law for England and Wales, _c1969 |
||
| 300 |
_bxix, 778 pages; _c25 cm. |
||
| 650 |
_aLegal practice _bLaw |
||
| 942 |
_cBK _6ALISON_BN_VRIES |
||
| 999 |
_c1634 _d1634 |
||